000
00296nam a22001337a 4500
020
_a
0-7472-3092-7
082
_a
823
_b
SOM/S
100
_a
SOM TOM, SP
245
_a
SHATTERED HORSE
260
_a
LONDON
_b
HEADLINE BOOK PUBLISHING
300
_a
464
650
_a
ENGLISH NOVEL
_z
LONDON
942
_c
BK
999
_c
3245
_d
3245